Peaceful Easy Feeling-Eagles Lyric Quiz - Statistics

General Stats
  • This quiz has been taken 19 times
  • The average score is 153 of 177
Answer Stats
Hint Answer % Correct
a
100%
and
100%
Verse 2 And
100%
can
100%
Chorus 'Cause
100%
'cause
100%
do
100%
down
100%
easy
100%
feeling
100%
go
100%
got
100%
Verse 1 | Verse 3 I
100%
in
100%
let
100%
on
100%
peaceful
100%
so
100%
the
100%
won't
100%
you
100%
already
91%
ear
91%
ground
91%
I'm
91%
me
91%
out
91%
skin
91%
standing
91%
this
91%
time
91%
to
91%
tonight
91%
what
91%
your
91%
again
82%
against
82%
ago
82%
all
82%
already
82%
around
82%
billion
82%
brown
82%
desert
82%
found
82%
how
82%
it's
82%
know
82%
long
82%
she
82%
soul
82%
stars
82%
with
82%
woman
82%
Outro Yes
82%
can't
73%
earrings
73%
get
73%
lay
73%
like
73%
my
73%
sleep
73%
sparkling
73%
take
73%
wanna
73%
way
73%
as
64%
but
64%
don't
64%
never
64%
oh
64%
other
64%
see
64%
whispering
64%
any
55%
friend
55%
keeps
55%
lover
55%
may
55%
ooh
55%
voice
55%
tells
45%
ah
27%
No matching quizzes found
Score Distribution
Percent of People with Each Score
Percentile by Number Answered
Your Score History
You have not taken this quiz